[Event "14. Opent Internacional de Mislata"]
[Site "Mislata ESP"]
[Date "2006.08.22"]
[Round "1.1"]
[White "Arizmendi Martinez, Julen Luis"]
[Black "Sancho Ferrer, Juan Vicente"]
[Result "1-0"]
[WhiteElo "2542"]
[BlackElo "1996"]
[PlyCount "93"]
[EventDate "2006.08.23"]
[EventType "swiss"]
[EventRounds "9"]
[EventCountry "ESP"]
[Source "lmi"]
[SourceDate "2006.08.23"]

1. e4 c5 2. Nf3 Nc6 3. Nc3 a6 4. d4 cxd4 5. Nxd4 e5 6. Nf5 d6 7. Ne3 Nf6 8. a4
Be6 9. g3 Be7 10. Bg2 Qd7 11. Ncd5 Bxd5 12. exd5 Nb8 13. a5 O-O 14. O-O Re8 15.
Nc4 Bd8 16. b3 Qe7 17. Ba3 Bc7 18. Re1 Nbd7 19. f4 e4 20. Qd4 Rab8 21. Bb2 Qf8
22. Bxe4 Nxe4 23. Rxe4 Rxe4 24. Qxe4 Re8 25. Qf3 Bd8 26. Bc3 Bf6 27. Re1 Rxe1+
28. Bxe1 Qe7 29. Bf2 Nc5 30. Bxc5 dxc5 31. Kf1 Kf8 32. Qe3 Bd4 33. Qxe7+ Kxe7
34. g4 h6 35. Ke2 g5 36. Kf3 Bg1 37. h3 Bh2 38. fxg5 hxg5 39. Ke4 Bg3 40. Kf5
f6 41. d6+ Bxd6 42. Nxd6 Kxd6 43. Kxf6 Kd5 44. Kxg5 Kd4 45. Kf5 c4 46. bxc4
Kxc4 47. g5 1-0

[Event "14. Opent Internacional de Mislata"]
[Site "Mislata ESP"]
[Date "2006.08.22"]
[Round "1.2"]
[White "Martinez Villena, David"]
[Black "Cabrera, Alexis"]
[Result "0-1"]
[WhiteElo "1996"]
[BlackElo "2506"]
[PlyCount "66"]
[EventDate "2006.08.23"]
[EventType "swiss"]
[EventRounds "9"]
[EventCountry "ESP"]
[Source "lmi"]
[SourceDate "2006.08.23"]

1. d4 f5 2. c4 Nf6 3. Nc3 d6 4. Nf3 g6 5. Bg5 Bg7 6. e3 O-O 7. Be2 Nc6 8. O-O
h6 9. Bxf6 Bxf6 10. Nd5 Bg7 11. Rb1 a5 12. a3 e5 13. h3 Ne7 14. dxe5 dxe5 15.
Qc2 c6 16. Nxe7+ Qxe7 17. c5 g5 18. Rbd1 e4 19. Nd2 Be6 20. Bc4 Bd5 21. b4 axb4
22. axb4 Kh8 23. Nb1 Qe5 24. Qb3 Rad8 25. Na3 f4 26. Bxd5 cxd5 27. Nb5 fxe3 28.
fxe3 Qg3 29. Rxd5 Rxf1+ 30. Kxf1 Rf8+ 31. Kg1 Kh7 32. Qc2 Qxe3+ 33. Kh2 Rf1 0-1

[Event "14. Opent Internacional de Mislata"]
[Site "Mislata ESP"]
[Date "2006.08.22"]
[Round "1.3"]
[White "Komljenovic, Davor"]
[Black "Soler Nadal, Jose Antonio"]
[Result "1-0"]
[WhiteElo "2473"]
[BlackElo "1982"]
[PlyCount "75"]
[EventDate "2006.08.23"]
[EventType "swiss"]
[EventRounds "9"]
[EventCountry "ESP"]
[Source "lmi"]
[SourceDate "2006.08.23"]

1. c4 e5 2. g3 Nf6 3. Bg2 Nc6 4. Nf3 d6 5. Nc3 Be7 6. d4 Bd7 7. O-O Qc8 8. Re1
O-O 9. b3 Re8 10. Bb2 Bg4 11. d5 Nb8 12. e4 a5 13. a3 Na6 14. Qc2 Nh5 15. Nd2
Bh3 16. Nf1 Bxg2 17. Kxg2 Bg5 18. Bc1 Bxc1 19. Raxc1 g6 20. Ne3 Qd7 21. Rf1 Re7
22. Qd1 b6 23. Rb1 Nc5 24. b4 axb4 25. axb4 Nb7 26. Nb5 f6 27. Qf3 Ree8 28. Ra1
Qf7 29. Kg1 Rf8 30. Rfc1 Kh8 31. Qd1 f5 32. Rxa8 Rxa8 33. exf5 gxf5 34. Nxc7
Rg8 35. Ne6 Nf4 36. Nxf4 exf4 37. Qd4+ Rg7 38. Qxf4 1-0

[Event "14. Opent Internacional de Mislata"]
[Site "Mislata ESP"]
[Date "2006.08.22"]
[Round "1.4"]
[White "Carrasco Fernandez, Manuel"]
[Black "Gonzalez Rodriguez, Jorge"]
[Result "0-1"]
[WhiteElo "1982"]
[BlackElo "2447"]
[PlyCount "97"]
[EventDate "2006.08.23"]
[EventType "swiss"]
[EventRounds "9"]
[EventCountry "ESP"]
[Source "lmi"]
[SourceDate "2006.08.23"]

1. d4 Nf6 2. c4 c5 3. d5 e5 4. Nc3 d6 5. e4 g6 6. Nf3 h5 7. Be2 Bh6 8. Bxh6
Rxh6 9. Qd2 Rh8 10. Qg5 Bg4 11. h3 Bxf3 12. Bxf3 Qe7 13. Qe3 h4 14. Bd1 Kf8 15.
Bc2 Kg7 16. f4 exf4 17. Qxf4 Nh5 18. Qf3 Ng3 19. Rg1 Nd7 20. Ne2 Ne5 21. Qb3
Nxe2 22. Kxe2 Rh5 23. g4 hxg3 24. Rxg3 Rah8 25. Rag1 Qd7 26. Rh1 Rh4 27. Kd2 a6
28. Ke1 b5 29. cxb5 axb5 30. Qe3 b4 31. b3 Ra8 32. Bb1 Qe7 33. Qg5 Qxg5 34.
Rxg5 Rah8 35. Rg3 Rf4 36. Kd2 Rf2+ 37. Ke3 Rb2 38. Rgg1 Rh4 39. Rc1 Rg2 40.
Rcf1 Rg3+ 41. Ke2 Rhxh3 42. Rxh3 Rxh3 43. Rg1 f6 44. Bc2 Rh2+ 45. Kd1 g5 46.
Bb1 g4 47. Re1 Kg6 48. Re2 Rh1+ 49. Kc2 0-1

[Event "14. Opent Internacional de Mislata"]
[Site "Mislata ESP"]
[Date "2006.08.22"]
[Round "1.5"]
[White "Garcia Roman, Daniel"]
[Black "Gomez Manzano, Carlos"]
[Result "1-0"]
[WhiteElo "2438"]
[BlackElo "1981"]
[PlyCount "43"]
[EventDate "2006.08.23"]
[EventType "swiss"]
[EventRounds "9"]
[EventCountry "ESP"]
[Source "lmi"]
[SourceDate "2006.08.23"]

1. c4 g6 2. d4 Bg7 3. e4 c5 4. Nf3 cxd4 5. Nxd4 Qa5+ 6. Nc3 Nc6 7. Be3 Nf6 8.
Nb3 Qd8 9. Be2 d6 10. O-O O-O 11. f3 b6 12. Qd2 Ba6 13. Nd4 Nxd4 14. Bxd4 Rc8
15. b3 Rc7 16. a4 Qb8 17. a5 Qb7 18. axb6 axb6 19. Ra3 Nd7 20. Rfa1 Ra8 21. Nd5
Rc5 22. b4 1-0

[Event "14. Opent Internacional de Mislata"]
[Site "Mislata ESP"]
[Date "2006.08.22"]
[Round "1.6"]
[White "De Andres Valdivia, Jesus"]
[Black "Borges Mateos, Juan"]
[Result "0-1"]
[WhiteElo "1975"]
[BlackElo "2434"]
[PlyCount "60"]
[EventDate "2006.08.23"]
[EventType "swiss"]
[EventRounds "9"]
[EventCountry "ESP"]
[Source "lmi"]
[SourceDate "2006.08.23"]

1. e4 e6 2. d4 d5 3. Nc3 Nf6 4. Bg5 dxe4 5. Nxe4 Be7 6. Bxf6 gxf6 7. Nf3 b6 8.
Bb5+ c6 9. Bd3 Bb7 10. Qe2 Qc7 11. O-O-O Nd7 12. Kb1 O-O-O 13. Ba6 Rhg8 14. g3
f5 15. Ned2 h5 16. Bxb7+ Kxb7 17. Ne5 Nxe5 18. dxe5 Rg4 19. f4 h4 20. Ne4 Rgg8
21. Nd6+ Bxd6 22. exd6 Rxd6 23. Rxd6 Qxd6 24. Rd1 Qc7 25. Rd3 hxg3 26. hxg3 Rd8
27. a4 Kc8 28. b3 Rxd3 29. Qxd3 Qd7 30. Qc3 Kb7 0-1

[Event "14. Opent Internacional de Mislata"]
[Site "Mislata ESP"]
[Date "2006.08.22"]
[Round "1.7"]
[White "Cruz Estrada, Filemon"]
[Black "Carbonell Vila, Juan Luis"]
[Result "1-0"]
[WhiteElo "2397"]
[BlackElo "1964"]
[PlyCount "73"]
[EventDate "2006.08.23"]
[EventType "swiss"]
[EventRounds "9"]
[EventCountry "ESP"]
[Source "lmi"]
[SourceDate "2006.08.23"]

1. c4 e6 2. d4 d5 3. Nc3 Nf6 4. cxd5 exd5 5. Bg5 Be7 6. e3 c6 7. Qc2 Nbd7 8.
Bd3 h6 9. Bh4 O-O 10. Nf3 Re8 11. O-O Ne4 12. Bxe7 Qxe7 13. Bxe4 dxe4 14. Nd2
f5 15. Nc4 Nf6 16. Rac1 Be6 17. b3 Nd7 18. Ne2 Rab8 19. Rfd1 Bf7 20. Rd2 Kh8
21. Qb2 Bxc4 22. bxc4 Qf6 23. Qa3 a6 24. Qa5 g6 25. Qc7 Qd8 26. Qg3 Kh7 27. h4
Nf8 28. d5 Qf6 29. Rb1 Red8 30. Rdb2 b5 31. Qc7+ Kg8 32. Qxc6 Qxc6 33. dxc6 Rd6
34. Nd4 Ne6 35. cxb5 Nxd4 36. c7 Rc8 37. b6 1-0

[Event "14. Opent Internacional de Mislata"]
[Site "Mislata ESP"]
[Date "2006.08.22"]
[Round "1.8"]
[White "Orosa Martinez, Victor"]
[Black "Alvarez Ibarra, Rafael"]
[Result "0-1"]
[WhiteElo "1962"]
[BlackElo "2396"]
[PlyCount "64"]
[EventDate "2006.08.23"]
[EventType "swiss"]
[EventRounds "9"]
[EventCountry "ESP"]
[Source "lmi"]
[SourceDate "2006.08.23"]

1. d4 Nf6 2. c4 c5 3. d5 b5 4. cxb5 a6 5. b6 g6 6. Nc3 d6 7. e4 Bg7 8. Bd3 O-O
9. h3 Qxb6 10. Nf3 e6 11. O-O exd5 12. exd5 Nbd7 13. Re1 Bb7 14. Bf1 Qc7 15.
Bc4 Rfe8 16. Bf4 Rxe1+ 17. Qxe1 Nb6 18. Qe2 Nfxd5 19. Nxd5 Nxd5 20. Bxd5 Bxd5
21. Rd1 Qc6 22. Qe7 Bf8 23. Qf6 Bxf3 24. Rxd6 Bxd6 25. gxf3 Qxf3 26. Qxd6 Re8
27. Be5 Qxh3 28. Qf6 Qg4+ 29. Bg3 Qd1+ 30. Kh2 Qh5+ 31. Kg2 Qd5+ 32. Kh2 Re1
0-1

[Event "14. Opent Internacional de Mislata"]
[Site "Mislata ESP"]
[Date "2006.08.22"]
[Round "1.9"]
[White "Alonso Moyano, Jonathan"]
[Black "Coves Tomas, Bernardo"]
[Result "1-0"]
[WhiteElo "2372"]
[BlackElo "1962"]
[PlyCount "61"]
[EventDate "2006.08.23"]
[EventType "swiss"]
[EventRounds "9"]
[EventCountry "ESP"]
[Source "lmi"]
[SourceDate "2006.08.23"]

1. e4 e5 2. Bc4 Nf6 3. d3 d6 4. Nf3 Be6 5. Nbd2 Be7 6. c3 Bxc4 7. Nxc4 b5 8.
Ne3 c5 9. a4 Qb6 10. g4 Nc6 11. g5 Nd7 12. Nd5 Qa5 13. axb5 Qxa1 14. bxc6 Nb6
15. Nc7+ Kd8 16. Nxa8 Nxa8 17. Qb3 Nb6 18. Ke2 c4 19. dxc4 Qa4 20. Qxa4 Nxa4
21. b3 Nxc3+ 22. Kd3 Nxe4 23. Kxe4 Kc7 24. Be3 Rb8 25. Nd2 Kxc6 26. Ra1 Rb7 27.
h4 Bd8 28. Rxa7 Rxa7 29. Bxa7 h6 30. gxh6 gxh6 31. h5 1-0

[Event "14. Opent Internacional de Mislata"]
[Site "Mislata ESP"]
[Date "2006.08.22"]
[Round "1.10"]
[White "Lopez Benanavent, Luis"]
[Black "Ivanov, Jordan"]
[Result "0-1"]
[WhiteElo "1958"]
[BlackElo "2370"]
[PlyCount "98"]
[EventDate "2006.08.23"]
[EventType "swiss"]
[EventRounds "9"]
[EventCountry "ESP"]
[Source "lmi"]
[SourceDate "2006.08.23"]

1. d4 Nf6 2. Bg5 Ne4 3. Bf4 c5 4. f3 Nf6 5. dxc5 Qa5+ 6. Nc3 Qxc5 7. e4 d6 8.
Bb5+ Bd7 9. Qd3 a6 10. Bxd7+ Nbxd7 11. Nge2 Rc8 12. Be3 Qc7 13. O-O e6 14. Rfd1
Ne5 15. Qd2 Nc4 16. Qc1 Nxe3 17. Qxe3 b5 18. Rd2 Be7 19. Kh1 O-O 20. Rad1 Qb8
21. Nc1 Rc4 22. Nd3 Nd7 23. Ne2 Nb6 24. b3 Rcc8 25. g3 Qb7 26. Kg2 Rc7 27. Ne1
h6 28. Nf4 Rfc8 29. h4 Nd7 30. Nfd3 a5 31. Kh3 Nf6 32. g4 Rc3 33. Qe2 Nh7 34.
Nf2 Nf8 35. h5 b4 36. Rd3 Qc6 37. Rxc3 Qxc3 38. Qd3 Qf6 39. Kg2 Qg5 40. Nh3 Qc5
41. Nf4 Bh4 42. Nh3 Bxe1 43. Rxe1 Qxc2+ 44. Qe2 Nd7 45. Nf4 Kf8 46. Kg3 Qxe2
47. Nxe2 Rc2 48. Nd4 Rxa2 49. Rc1 Nc5 0-1

[Event "14. Opent Internacional de Mislata"]
[Site "Mislata ESP"]
[Date "2006.08.22"]
[Round "1.11"]
[White "Garcia Fernandez, Carlos"]
[Black "Ortega Morales, Pedro"]
[Result "0-1"]
[WhiteElo "2358"]
[BlackElo "1954"]
[PlyCount "96"]
[EventDate "2006.08.23"]
[EventType "swiss"]
[EventRounds "9"]
[EventCountry "ESP"]
[Source "lmi"]
[SourceDate "2006.08.23"]

1. e4 e5 2. Bc4 Nf6 3. d3 Nc6 4. Nf3 Be7 5. O-O O-O 6. Re1 d6 7. c3 Na5 8. Bb5
a6 9. Ba4 b5 10. Bc2 c5 11. Nbd2 Nc6 12. Nf1 Re8 13. Ng3 Bf8 14. h3 g6 15. Be3
Bg7 16. Qd2 Rb8 17. d4 Qe7 18. d5 Na5 19. b3 c4 20. b4 Nb7 21. a4 Bd7 22. axb5
Bxb5 23. Ra3 Qc7 24. Rea1 Nd7 25. Bd1 Ra8 26. Qa2 Nb6 27. Nd2 Rac8 28. Be2 Nd7
29. Qb1 Rf8 30. Bd1 Nb6 31. Bc2 Rce8 32. Kh1 Nd7 33. f3 Nb8 34. Qg1 Qd7 35. Ba4
f5 36. Ngf1 fxe4 37. fxe4 Re7 38. Nxc4 Qc7 39. Bxb5 axb5 40. Ncd2 Nd7 41. Nh2
Ref7 42. Nhf3 Nf6 43. Ng5 Bh6 44. Nxf7 Bxe3 45. Qxe3 Qxf7 46. Nf3 Nh5 47. Ng5
Qf4 48. Qxf4 Nxf4 0-1

[Event "14. Opent Internacional de Mislata"]
[Site "Mislata ESP"]
[Date "2006.08.22"]
[Round "1.12"]
[White "De Francisco y De Diego, Felipe"]
[Black "Kovacevic, Slobodan"]
[Result "0-1"]
[WhiteElo "1953"]
[BlackElo "2340"]
[PlyCount "66"]
[EventDate "2006.08.23"]
[EventType "swiss"]
[EventRounds "9"]
[EventCountry "ESP"]
[Source "lmi"]
[SourceDate "2006.08.23"]

1. d4 Nf6 2. c4 e6 3. Nc3 c5 4. d5 exd5 5. cxd5 d6 6. e4 g6 7. Bb5+ Nbd7 8.
Bxd7+ Nxd7 9. Bf4 a6 10. a4 Qe7 11. Nge2 Bg7 12. O-O O-O 13. a5 Rb8 14. Ng3 b5
15. Qd2 Re8 16. Rac1 b4 17. Nce2 Rb5 18. Ra1 Ne5 19. Bxe5 Bxe5 20. f4 Bg7 21.
Nc1 Qc7 22. Nb3 c4 23. Nd4 Rxa5 24. Nc6 Rxa1 25. Rxa1 c3 26. Qf2 cxb2 27. Rb1
Bd7 28. f5 Bc3 29. fxg6 hxg6 30. Rf1 Bxc6 31. dxc6 Re7 32. Qf4 Qxc6 33. Qg5
Qc5+ 0-1

[Event "14. Opent Internacional de Mislata"]
[Site "Mislata ESP"]
[Date "2006.08.22"]
[Round "1.13"]
[White "Ibañez Aullana, Ramon"]
[Black "Guillen Domench, Antonio"]
[Result "1-0"]
[WhiteElo "2337"]
[BlackElo "1951"]
[PlyCount "59"]
[EventDate "2006.08.23"]
[EventType "swiss"]
[EventRounds "9"]
[EventCountry "ESP"]
[Source "lmi"]
[SourceDate "2006.08.23"]

1. e4 e5 2. Nf3 Nf6 3. Nxe5 d6 4. Nf3 Nxe4 5. Nc3 d5 6. Qe2 Be7 7. Nxe4 dxe4 8.
Qxe4 O-O 9. Bd3 g6 10. O-O Nc6 11. Bb5 Bf5 12. Qa4 Nb4 13. Ne1 c6 14. Be2 b5
15. Qb3 Be6 16. Qc3 Qb6 17. a3 Nd5 18. Qg3 Rad8 19. d3 Bd6 20. Qh4 f5 21. Bg5
Rde8 22. c4 Ne7 23. Be3 Qb8 24. Nf3 Qb7 25. Ng5 Nc8 26. cxb5 cxb5 27. Bf3 Qe7
28. Rfe1 h5 29. Bd4 Qd8 30. Bxh5 1-0

[Event "14. Opent Internacional de Mislata"]
[Site "Mislata ESP"]
[Date "2006.08.22"]
[Round "1.14"]
[White "Gomez Jurado, Luis Alberto"]
[Black "Cortes Ruiz, Javier"]
[Result "1/2-1/2"]
[WhiteElo "2333"]
[BlackElo "1924"]
[PlyCount "151"]
[EventDate "2006.08.23"]
[EventType "swiss"]
[EventRounds "9"]
[EventCountry "ESP"]
[Source "lmi"]
[SourceDate "2006.08.23"]

1. e4 c5 2. Nf3 Nc6 3. d4 cxd4 4. Nxd4 Nf6 5. Nc3 e5 6. Ndb5 d6 7. Bg5 a6 8.
Na3 b5 9. Nd5 Be7 10. Bxf6 Bxf6 11. c3 Ne7 12. Nxf6+ gxf6 13. Nc2 Bb7 14. Bd3
d5 15. exd5 Nxd5 16. Be4 f5 17. Bxd5 Qxd5 18. Qxd5 Bxd5 19. Ne3 Be6 20. O-O-O
f4 21. Nd5 O-O-O 22. Nf6 Bxa2 23. Kc2 Be6 24. Rhe1 Bf5+ 25. Kc1 Rxd1+ 26. Rxd1
Rd8 27. Re1 Rd6 28. Ne8 Rg6 29. Rxe5 Bd7 30. Rc5+ Kd8 31. Nc7 Rxg2 32. Nxa6
Rxf2 33. Rd5 Ke7 34. Nc5 Be6 35. Rd2 Rxd2 36. Kxd2 Kf6 37. Ne4+ Ke5 38. Nf2 Bc4
39. Kc2 f3 40. Kd2 f5 41. Ke3 Bd5 42. Nd3+ Kd6 43. Kd4 f4 44. Nf2 Ke6 45. Kc5
Bc4 46. Kb4 Kd5 47. Ka3 h5 48. h4 Be2 49. Kb4 Bf1 50. Kb3 Kc5 51. Ne4+ Kc6 52.
Nf2 Kd5 53. Kb4 Bd3 54. Kb3 Bf5 55. Kb4 Kc6 56. Ka3 Kc5 57. Kb3 b4 58. Nd1 Bd7
59. Kc2 Kc4 60. b3+ Kc5 61. cxb4+ Kxb4 62. Kd3 Bc6 63. Kd4 Kxb3 64. Ke5 Kc2 65.
Nf2 Kd2 66. Kxf4 Ke2 67. Kg3 Bd5 68. Nh3 Ke3 69. Nf2 Ke2 70. Nh1 Ke3 71. Nf2
Bb3 72. Nh3 Be6 73. Nf2 Bg4 74. Nh1 Ke2 75. Nf2 Bd7 76. Ne4 1/2-1/2

[Event "14. Opent Internacional de Mislata"]
[Site "Mislata ESP"]
[Date "2006.08.22"]
[Round "1.15"]
[White "Navarro Cia, Miguel"]
[Black "Castellote Lillo, Javier"]
[Result "1-0"]
[WhiteElo "2332"]
[BlackElo "1923"]
[PlyCount "93"]
[EventDate "2006.08.23"]
[EventType "swiss"]
[EventRounds "9"]
[EventCountry "ESP"]
[Source "lmi"]
[SourceDate "2006.08.23"]

1. e4 e6 2. d4 d5 3. Nc3 Bb4 4. e5 c5 5. Bd2 Ne7 6. dxc5 O-O 7. Qg4 Bxc5 8.
O-O-O Nbc6 9. Nf3 Ng6 10. Qh5 Qc7 11. Bd3 Nb4 12. Kb1 Nxd3 13. cxd3 b5 14. Be3
Be7 15. Nxb5 Qb7 16. Nbd4 Rb8 17. Bc1 a5 18. Rd2 a4 19. Rc2 Bd7 20. Rd1 Rfc8
21. Ng5 Bxg5 22. Qxg5 Rxc2 23. Nxc2 Qb6 24. Qe3 Qxe3 25. Bxe3 Rb7 26. f4 Ne7
27. g4 h5 28. h3 hxg4 29. hxg4 Rb8 30. Kc1 g5 31. fxg5 Ng6 32. Bd4 Kg7 33. Kd2
Rh8 34. Ne3 Rh2+ 35. Kc3 Nf4 36. Kb4 Rh8 37. Nf5+ Kg6 38. Nd6 Rb8+ 39. Ka3 Ne2
40. Be3 d4 41. Bd2 Rb6 42. Rf1 Bc6 43. Rf6+ Kg7 44. Rxf7+ Kg6 45. Rf6+ Kg7 46.
Rxe6 Rb8 47. Nf5+ 1-0

[Event "14. Opent Internacional de Mislata"]
[Site "Mislata ESP"]
[Date "2006.08.23"]
[Round "2.1"]
[White "Arance Gonzalez, Luis"]
[Black "Arizmendi Martinez, Julen"]
[Result "0-1"]
[WhiteElo "2121"]
[BlackElo "2542"]
[PlyCount "71"]
[EventDate "2006.08.23"]
[EventType "swiss"]
[EventRounds "9"]
[EventCountry "ESP"]
[Source "lmi"]
[SourceDate "2006.08.23"]

1. e4 g6 2. d4 Bg7 3. Nf3 d6 4. Nc3 a6 5. Bg5 b5 6. a3 Bb7 7. Be2 Nd7 8. d5 c5
9. Qd2 h6 10. Bh4 Ngf6 11. Qe3 O-O 12. O-O Re8 13. Nd2 e6 14. dxe6 Rxe6 15. f3
Ng4 16. fxg4 Qxh4 17. Qh3 Qg5 18. Rad1 Rae8 19. Bf3 Bxc3 20. bxc3 Qe3+ 21. Kh1
Kg7 22. g5 hxg5 23. Bg4 Qxh3 24. Bxh3 R6e7 25. Nf3 g4 26. Bxg4 Nf6 27. Bh3 Nxe4
28. Kg1 f5 29. g3 d5 30. Rd3 Nd6 31. Bg2 c4 32. Rdd1 Ne4 33. Rfe1 Nxc3 34.
Rxe7+ Rxe7 35. Re1 Rxe1+ 36. Nxe1 0-1

[Event "14. Opent Internacional de Mislata"]
[Site "Mislata ESP"]
[Date "2006.08.23"]
[Round "2.2"]
[White "Cabrera Pino, Alexis"]
[Black "Sanchez Raboso, Vicente"]
[Result "1/2-1/2"]
[WhiteElo "2506"]
[BlackElo "2117"]
[PlyCount "141"]
[EventDate "2006.08.23"]
[EventType "swiss"]
[EventRounds "9"]
[EventCountry "ESP"]
[Source "lmi"]
[SourceDate "2006.08.23"]

1. e4 e5 2. Nf3 Nc6 3. Bb5 Nf6 4. d3 Bc5 5. O-O d6 6. c3 O-O 7. Bg5 h6 8. Bh4
g5 9. Bg3 Bg4 10. Nbd2 Nh5 11. Kh1 a6 12. Bxc6 bxc6 13. Qa4 Ba7 14. Qxc6 Bd7
15. Qd5 Bb5 16. Ne1 Rb8 17. b4 Ba4 18. a3 g4 19. Qa2 Qf6 20. Nc4 Nxg3+ 21. hxg3
h5 22. Qe2 Qg5 23. Qd2 Qg7 24. Ne3 Bd7 25. N1c2 f5 26. exf5 Bxf5 27. Rae1 Bd7
28. d4 Rf7 29. f4 h4 30. fxe5 hxg3 31. Rxf7 Qxf7 32. Nf1 dxe5 33. Nxg3 Qf4 34.
Qxf4 exf4 35. Nh5 Bf5 36. Re2 Rf8 37. Ne1 Bg6 38. Re5 f3 39. gxf3 gxf3 40. Kg1
f2+ 41. Kf1 fxe1=Q+ 42. Kxe1 Rf5 43. Rxf5 Bxf5 44. Kd2 Kf7 45. Nf4 Bb8 46. c4
c6 47. Ke3 Kf6 48. d5 cxd5 49. Nxd5+ Ke5 50. Nb6 Bc7 51. c5 Ke6 52. Kd4 Bh3 53.
Nc4 Bg2 54. Nd6 Bd8 55. Kc3 Kd5 56. Nc4 Bf6+ 57. Kb3 Kd4 58. Nb6 Bf3 59. Ka4
Bb7 60. Ka5 Bd8 61. c6 Bxc6 62. Kxa6 Kc3 63. b5 Bf3 64. Nd7 Be2 65. Nb8 Bc7 66.
Nc6 Bf1 67. a4 Kb3 68. a5 Bd6 69. Kb7 Bxb5 70. Nd4+ Ka4 71. Nxb5 1/2-1/2

[Event "14. Opent Internacional de Mislata"]
[Site "Mislata ESP"]
[Date "2006.08.23"]
[Round "2.3"]
[White "Garcia Martinez, Cesar"]
[Black "Komljenovic, Davor"]
[Result "0-1"]
[WhiteElo "2108"]
[BlackElo "2473"]
[PlyCount "92"]
[EventDate "2006.08.23"]
[EventType "swiss"]
[EventRounds "9"]
[EventCountry "ESP"]
[Source "lmi"]
[SourceDate "2006.08.23"]

1. e4 c5 2. Nf3 d6 3. d4 cxd4 4. Nxd4 Nf6 5. Nc3 a6 6. Be2 g6 7. Be3 Bg7 8. O-O
O-O 9. Qd2 Nc6 10. h3 Bd7 11. f4 Rc8 12. Nxc6 Bxc6 13. Bf3 Qc7 14. a4 b6 15.
Rae1 b5 16. axb5 axb5 17. e5 dxe5 18. fxe5 b4 19. exf6 bxc3 20. Qxc3 Bxf6 21.
Qxc6 Qxc6 22. Bxc6 Rxc6 23. c3 Rb8 24. Bc1 Kg7 25. Rd1 Rb7 26. Rf3 Be5 27. Rfd3
f5 28. Kf1 Kf6 29. Ke2 h5 30. Rd5 Ke6 31. R5d3 g5 32. Kf2 Bf6 33. Re1+ Kf7 34.
Re2 e5 35. Red2 Ke6 36. Re2 f4 37. g4 hxg4 38. hxg4 Rh7 39. b4 Rh2+ 40. Ke1
Rxe2+ 41. Kxe2 e4 42. Rh3 f3+ 43. Kf1 Rxc3 44. Bb2 Rc2 45. Bxf6 Kxf6 46. b5 Ke5
0-1

[Event "14. Opent Internacional de Mislata"]
[Site "Mislata ESP"]
[Date "2006.08.23"]
[Round "2.4"]
[White "Gonzalez Rodriguez, Jorge"]
[Black "Morejon, Eduardo"]
[Result "1/2-1/2"]
[WhiteElo "2447"]
[BlackElo "2103"]
[PlyCount "20"]
[EventDate "2006.08.23"]
[EventType "swiss"]
[EventRounds "9"]
[EventCountry "ESP"]
[Source "lmi"]
[SourceDate "2006.08.23"]

1. c4 e5 2. Nc3 c5 3. g3 Nc6 4. Bg2 g6 5. e3 Bg7 6. Nge2 Nge7 7. d3 O-O 8. O-O
d6 9. Rb1 Rb8 10. a3 a5 1/2-1/2

[Event "14. Opent Internacional de Mislata"]
[Site "Mislata ESP"]
[Date "2006.08.23"]
[Round "2.6"]
[White "Borges Mateos, Juan"]
[Black "Carrasco Sagredo, Manuel"]
[Result "0-1"]
[WhiteElo "2434"]
[BlackElo "2099"]
[PlyCount "70"]
[EventDate "2006.08.23"]
[EventType "swiss"]
[EventRounds "9"]
[EventCountry "ESP"]
[Source "lmi"]
[SourceDate "2006.08.23"]

1. c4 Nf6 2. Nf3 c5 3. g3 b6 4. Bg2 Bb7 5. O-O e6 6. Nc3 Be7 7. Re1 d5 8. cxd5
exd5 9. d4 O-O 10. Bf4 Nc6 11. Rc1 Re8 12. dxc5 bxc5 13. Qb3 Na5 14. Qc2 d4 15.
Nb5 Be4 16. Qa4 Nd5 17. Bd2 Nb7 18. Ne5 Nb6 19. Qb3 c4 20. Rxc4 Bxg2 21. Rxd4
Bd5 22. Qd3 Bc5 23. Rh4 Rxe5 24. Qxh7+ Kf8 25. Bc3 Rg5 26. Rd1 a6 27. b4 Bxf2+
28. Kxf2 axb5 29. e4 Rxa2+ 30. Kg1 Qc7 31. exd5 Qxc3 32. Qh8+ Ke7 33. Re4+ Kf6
34. Qb8 Qc2 35. Rf1+ Kg6 0-1

[Event "14. Opent Internacional de Mislata"]
[Site "Mislata ESP"]
[Date "2006.08.23"]
[Round "2.7"]
[White "Camacho Collados, Marcos"]
[Black "Cruz Estrada, Filemon"]
[Result "0-1"]
[WhiteElo "2098"]
[BlackElo "2397"]
[PlyCount "66"]
[EventDate "2006.08.23"]
[EventType "swiss"]
[EventRounds "9"]
[EventCountry "ESP"]
[Source "lmi"]
[SourceDate "2006.08.23"]

1. e4 c5 2. Nf3 Nc6 3. d4 cxd4 4. Nxd4 g6 5. c4 Bg7 6. Nc2 d6 7. Nc3 Bxc3+ 8.
bxc3 Qa5 9. Bd2 Nf6 10. f3 Ne5 11. Nd4 Bd7 12. f4 Nc6 13. Bd3 O-O 14. Qf3 Rac8
15. Nb3 Qc7 16. O-O Na5 17. Nxa5 Qxa5 18. f5 b5 19. Bh6 bxc4 20. Bxf8 Rxf8 21.
Bc2 Bc6 22. Rfe1 Qa3 23. Re2 Rb8 24. fxg6 hxg6 25. Rf1 Rb2 26. g4 Rxc2 27. Rxc2
Bxe4 28. Qf2 Bxc2 29. Qxc2 Nxg4 30. Qe2 Ne5 31. Qd2 a5 32. Qd4 Qxa2 33. Rf2
Qb1+ 0-1

[Event "14. Opent Internacional de Mislata"]
[Site "Mislata ESP"]
[Date "2006.08.23"]
[Round "2.8"]
[White "Alvarez Ibarra, Rafael"]
[Black "Bordes Ibañez, Juan"]
[Result "1-0"]
[WhiteElo "2396"]
[BlackElo "2072"]
[PlyCount "83"]
[EventDate "2006.08.23"]
[EventType "swiss"]
[EventRounds "9"]
[EventCountry "ESP"]
[Source "lmi"]
[SourceDate "2006.08.23"]

1. c4 Nf6 2. Nf3 c6 3. d4 d5 4. e3 Bg4 5. h3 Bxf3 6. Qxf3 e6 7. Nc3 Nbd7 8. Bd3
dxc4 9. Bxc4 e5 10. O-O Bd6 11. d5 Nb6 12. dxc6 Nxc4 13. cxb7 Rb8 14. Qc6+ Qd7
15. Qxc4 Rxb7 16. b3 Rc7 17. Qd3 Bb4 18. Qxd7+ Kxd7 19. Nb5 Rc2 20. Rd1+ Ke6
21. Ba3 a5 22. Bxb4 axb4 23. a4 Ne4 24. Rdc1 Rxc1+ 25. Rxc1 Nd2 26. Rc6+ Ke7
27. Rc7+ Ke6 28. Rc2 Nxb3 29. Rb2 Na5 30. Rxb4 Rc8 31. e4 g6 32. Kh2 f5 33. Na7
Rc4 34. Rb6+ Kf7 35. Ra6 Rc5 36. Nb5 Nc4 37. Ra7+ Kf6 38. exf5 gxf5 39. Rxh7
Nb2 40. Nd6 Nxa4 41. Rh6+ Kg5 42. Nf7+ 1-0

[Event "14. Opent Internacional de Mislata"]
[Site "Mislata ESP"]
[Date "2006.08.23"]
[Round "2.9"]
[White "Andres Julia, Vicente"]
[Black "Alonso Moyano, Jonathan"]
[Result "0-1"]
[WhiteElo "2064"]
[BlackElo "2372"]
[PlyCount "56"]
[EventDate "2006.08.23"]
[EventType "swiss"]
[EventRounds "9"]
[EventCountry "ESP"]
[Source "lmi"]
[SourceDate "2006.08.23"]

1. e4 c5 2. Nf3 d6 3. d4 cxd4 4. Nxd4 Nf6 5. Nc3 g6 6. Be3 Bg7 7. f3 Nc6 8. Qd2
O-O 9. Bc4 Nd7 10. O-O-O Nb6 11. Bb3 Na5 12. Qe2 Bd7 13. Kb1 Rc8 14. Nd5 Nxb3
15. axb3 Nxd5 16. exd5 Qa5 17. g4 e5 18. dxe6 fxe6 19. Qg2 e5 20. Ne2 Bc6 21.
Rhf1 d5 22. h4 d4 23. Bc1 Bd5 24. Ng3 Rc6 25. Bd2 Qc7 26. Rc1 Rc8 27. Be1 Bxb3
28. Rf2 Qb6 0-1